000 00476pab a2200169 454500
008 180718b1998 xxu||||| |||| 00| 0 eng d
100 _aMadhusoodanan, T.P.
245 _aPersistence in the Indian stock market returns: an application of variance ration test
260 _c1998
300 _ap.61-73
362 _aOct-Dec
650 _aCapital market - India
650 _aFinancial markets - India
650 _aFinancial markets
773 _aVikalpa
909 _a39746
999 _c39746
_d39746